|
|
|
|
| LEADER |
00000nam0a2200000 4500 |
| 001 |
104066 |
| 005 |
20231031113842.0 |
| 010 |
|
|
|a 5699131167
|
| 035 |
|
|
|a (RuTPU)RU\TPU\book\112177
|
| 090 |
|
|
|a 104066
|
| 100 |
|
|
|a 20061025d2005 m y0rusy50 ca
|
| 101 |
0 |
|
|a rus
|
| 102 |
|
|
|a RU
|
| 105 |
|
|
|a y z 000ay
|
| 200 |
1 |
|
|a Слишком большое сходство
|e повести, рассказы
|f В. А. Пронин
|
| 210 |
|
|
|a Москва
|c Эксмо
|d 2005
|
| 215 |
|
|
|a 432 с.
|
| 225 |
1 |
|
|a Черная кошка
|
| 330 |
|
|
|a Кто из этих пятерых мужчин убийца? Кто убил шестого во время их традиционной поездки на охоту? Все обстоятельства этой злосчастной вылазки известны, все подробности жизни каждого из охотников изучены, а вот убийцу следователь Зайцев вычислить не может. Одна надежда на помощь приятеля — журналиста Ксенофонтова. Итак, пятеро подозреваемых сидят перед журналистом, а он задает им какие-то несуразные вопросы: кто сколько подстрелил уток, кто какую привез выпивку, кто первый выпил... Словом, какая-то ерунда. Но, как ни странно, чем нелепее вопросы, тем ближе момент истины. Еще шаг, и убийца будет как на ладони...
|
| 610 |
1 |
|
|a русская литература
|
| 610 |
1 |
|
|a повести
|
| 610 |
1 |
|
|a рассказы
|
| 610 |
1 |
|
|a детективы
|
| 610 |
1 |
|
|a криминальные повести
|
| 675 |
|
|
|a Р2
|v 3
|
| 700 |
|
1 |
|a Пронин
|b В. А.
|g Виктор Алексеевич
|
| 801 |
|
1 |
|a RU
|b 63413507
|c 20061025
|g PSBO
|
| 801 |
|
2 |
|a RU
|b 63413507
|c 20061222
|g PSBO
|
| 942 |
|
|
|c BK
|